Implicaciones sociales a partir de la configuración espacial en urbanizaciones de bien social : el caso de La Victoria, Horquetas, Sarapiquí
Salvato in:
| Autore principale: | |
|---|---|
| Altri autori: | |
| Natura: | Libro |
| Lingua: | Spanish |
| Pubblicazione: |
[San José, Costa Rica]
2018
|
| Soggetti: | |
| Tags: |
Aggiungi Tag
Nessun Tag, puoi essere il primo ad aggiungerne!!
|
MARC
| LEADER | 00000nam a22000007a 4500 | ||
|---|---|---|---|
| 003 | EA0217 | ||
| 005 | 20230302104423.0 | ||
| 008 | 181008b2018 cr a|||| |m|| 00| ||spa d | ||
| 040 | |c cru CEDI | ||
| 090 | |a TFG EA-217 | ||
| 100 | |9 14213 |a Rodríguez Vargas, Ariana | ||
| 245 | |a Implicaciones sociales a partir de la configuración espacial en urbanizaciones de bien social : el caso de La Victoria, Horquetas, Sarapiquí | ||
| 260 | |a [San José, Costa Rica] |c 2018 | ||
| 300 | |a xix, 171 páginas : ilustraciones (principalmente a color) | ||
| 500 | |a Tesis (licenciatura en arquitectura)--Universidad de Costa Rica. Facultad de Ingeniería. Escuela de Arquitectura | ||
| 501 | |a Director de Tesis: Arq. Javier Vargas Nieto | ||
| 650 | |x PROYECTOS DE DESARROLLO - HORQUETAS (SARAPIQUI, HEREDIA, COSTA RICA) |x ESPACIO URBANO - ASPECTOS SOCIALES - HORQUETAS (SARAPIQUI, HEREDIA, COSTA RICA) |x URBANISMO - HORQUETAS (SARAPIQUI, HEREDIA, COSTA RICA) |x VIVIENDA POPULAR - DISEÑOS Y PLANOS |x ADAPTACION SOCIAL |x ACEPTACION SOCIAL |9 14214 | ||
| 700 | |9 109 |a Vargas Nieto, Javier, 1953- |d Director del TFG | ||
| 942 | |c CEDI | ||
| 999 | |c 20940 |d 20940 | ||
